000 00314nam a22001337a 4500
008 260309b ||||| |||| 00| 0 eng d
020 _a9994363387
041 _aShqip
080 _a2.1
100 _a20.1
101 _asport
245 _aHistoria e Kampionateve në Shqipëri
_cBesnik Dizdari
942 _2udc
_cBK
999 _c60879
_d60879